Technical drawing 2 : (Record no. 151090)

MARC details
000 -LEADER
fixed length control field 00705nam a22002537a 4500
008 - FIXED-LENGTH DATA ELEMENTS--GENERAL INFORMATION
fixed length control field
020 ## - INTERNATIONAL STANDARD BOOK NUMBER
International Standard Book Number 058258857X (pbk.)
049 ## - LOCAL HOLDINGS (OCLC)
Holding library MAIN
090 ## - LOCALLY ASSIGNED LC-TYPE CALL NUMBER (OCLC); LOCAL CALL NUMBER (RLIN)
Classification number (OCLC) (R) ; Classification number, CALL (RLIN) (NR) T353
Local cutter number (OCLC) ; Book number/undivided call number, CALL (RLIN) BAN
003 - CONTROL NUMBER IDENTIFIER
control field
005 - DATE AND TIME OF LATEST TRANSACTION
control field 20230123133600.0
040 ## - CATALOGING SOURCE
Transcribing agency NUST
100 1# - MAIN ENTRY--PERSONAL NAME
Personal name Bankole, A.
245 10 - TITLE STATEMENT
Title Technical drawing 2 :
Remainder of title mechanical drawing /
Statement of responsibility, etc. A. Bankole, S. Bland.
250 ## - EDITION STATEMENT
Edition statement 2nd. ed.
260 ## - PUBLICATION, DISTRIBUTION, ETC.
Place of publication, distribution, etc. London :
Name of publisher, distributor, etc. Longman,
Date of publication, distribution, etc. 1990.
300 ## - PHYSICAL DESCRIPTION
Extent iv, 156 p. :
Other physical details ill. ;
Dimensions 18 cm.
653 0# - INDEX TERM--UNCONTROLLED
Uncontrolled term Technical drawing.
650 ## - SUBJECT ADDED ENTRY--TOPICAL TERM
Topical term or geographic name entry element Architecture
General subdivision drawing.
650 ## - SUBJECT ADDED ENTRY--TOPICAL TERM
Topical term or geographic name entry element Engineering
General subdivision drawing.
700 1# - ADDED ENTRY--PERSONAL NAME
Personal name Bland, Steve.
907 ## - LOCAL DATA ELEMENT G, LDG (RLIN)
a .b10028857
b 06-03-13
c 17-04-03
942 ## - ADDED ENTRY ELEMENTS (KOHA)
Koha item type Ordinary Loan Books
Call number prefix T353
Call number suffix BAN
Holdings
Date last seen Total Checkouts Full call number Barcode Cost, replacement price Price effective from Koha item type Lost status Source of classification or shelving scheme Damaged status Not for loan Collection Withdrawn status Home library Current library Shelving location Date acquired Cost, normal purchase price
01/23/2023 17 T353 BAN 92003015657 80.00 01/23/2023 BOOKS   LCC     NFIC   MAIN MAIN GEN 01/23/2023 80.00